| 000 | 00673 a2200193 4500 | ||
|---|---|---|---|
| 999 |
_c2850 _d2850 |
||
| 020 | _a0256105251 | ||
| 050 | 0 | 0 | _aHF5549 RUE 1993 |
| 100 | 1 |
_aRue, Leslie W. _eauthor |
|
| 245 | 1 | 0 |
_aSupervision : _bkey link to productivity / _cLeslie W. Rue, Lloyd L. Byars. |
| 250 | _a4th ed. | ||
| 264 |
_aBurr Ridge _bIrwin _c1993 |
||
| 300 |
_axxv, 576 p. : _bill. ; |
||
| 500 | _aIncludes index | ||
| 504 | _aIncludes bibliographical references | ||
| 650 | 0 | _aSupervision of employees. | |
| 700 | 1 |
_aByars, Lloyd L. _eauthor |
|
| 942 |
_2lcc _cBK _e4th ed. _h5549 _iRUE _k1993 |
||